DINADECO

Saved in:
Bibliographic Details
Corporate Author: Costa Rica. Ministerio de Gobernación. Dirección Nacional de Desarrollo de la Comunidad
Format: Text
Published: San José: DINADECO. Departamento de Adiestramiento
Tags: Add Tag
No Tags, Be the first to tag this record!

MARC

LEADER 00000 a a2200000 04500
001 15846
003
040
090 |a 016700  
110 |a Costa Rica. Ministerio de Gobernación. Dirección Nacional de Desarrollo de la Comunidad  
245 |a DINADECO  
260 |a San José:   |b DINADECO. Departamento de Adiestramiento  
300 |a 24 p.  
999 |c 14185  |d 14185